00285nam a2200097Ia 4500008004100000082002000041100002000061245006100081260003200142300001300174230907s9999||||xx |||||||||||||| ||und|| a621.381548bCAR aCarr, Joseph J. 0aElements of electronic instrumentation and measurement / aPearson,bNew Delhi :c2008 a550 p. :